[Event "Stari Zednik"]
[Site "Stari Zednik"]
[Date "2017.06.17"]
[Round "3"]
[White "Smit, Jovan"]
[Black "Matkovic, Jovan"]
[Result "0-1"]
[WhiteElo "1785"]
[BlackElo "1899"]
[PlyCount "60"]
[EventDate "2017.06.14"]
[EventType "swiss"]
[EventRounds "9"]
[EventCountry "SRB"]
[SourceTitle "CBM 179 Extra"]
[Source "ChessBase"]
[SourceDate "2017.08.23"]
[SourceVersion "1"]
[SourceVersionDate "2017.08.23"]
[SourceQuality "1"]

1. e4 c5 2. f4 Nc6 3. Nf3 Nf6 4. Nc3 d6 5. Bc4 e6 6. d3 a6 7. a3 h6 8. 0-0 Qc7 9. h3 b5 10. Ba2 Rb8 11. Ne2 Bb7 12. Ng3 Rd8 13. Qe2 Nd4 14. Nxd4 cxd4 15. Bb3 Be7 16. Bd2 Nd7 17. f5 e5 18. Qh5 Rf8 19. a4 Qc6 20. Qg4 Rg8 21. Nh5 Kf8 22. f6 Nxf6 23. Nxf6 Bxf6 24. Rxf6 gxf6 25. Bxh6+ Ke7 26. Qh5 Rg6 27. g4 Rh8 28. g5 Rxg5+ 29. Qxg5 fxg5 30. Bxg5+ f6 0-1

[Event "Stari Zednik"]
[Site "Stari Zednik"]
[Date "2017.06.14"]
[Round "1"]
[White "Smit, Jovan"]
[Black "Petrovic, Nikola H"]
[Result "1-0"]
[WhiteElo "1785"]
[BlackElo "1992"]
[PlyCount "51"]
[EventDate "2017.06.14"]
[EventType "swiss"]
[EventRounds "9"]
[EventCountry "SRB"]
[SourceTitle "CBM 179 Extra"]
[Source "ChessBase"]
[SourceDate "2017.08.23"]
[SourceVersion "1"]
[SourceVersionDate "2017.08.23"]
[SourceQuality "1"]

1. e4 c5 2. Nf3 Nc6 3. d4 cxd4 4. Nxd4 g6 5. Be3 Bg7 6. Nc3 a6 7. Bc4 d6 8. Qd2 Nf6 9. f3 0-0 10. 0-0-0 b5 11. Nxc6 Qc7 12. Nxe7+ Qxe7 13. Bb3 Rd8 14. h4 Be6 15. g4 Rac8 16. Bh6 b4 17. Nd5 Nxd5 18. Bxg7 Nf6 19. Bh6 Qd7 20. h5 Bxb3 21. axb3 a5 22. hxg6 hxg6 23. Bg5 Qe6 24. Qd4 Kg7 25. Bxf6+ Qxf6 26. Rh7+ 1-0

[Event "Subotica-ch op"]
[Site "Subotica"]
[Date "2016.03.07"]
[Round "7"]
[White "Smit, Jovan"]
[Black "Ilic, Nikola G"]
[Result "0-1"]
[WhiteElo "1787"]
[BlackElo "1639"]
[PlyCount "34"]
[EventDate "2016.02.22"]
[EventType "swiss"]
[EventRounds "9"]
[EventCountry "SRB"]
[SourceTitle "CBM 171 Extra"]
[Source "ChessBase"]
[SourceDate "2016.04.26"]
[SourceVersion "1"]
[SourceVersionDate "2016.04.26"]
[SourceQuality "1"]

1. e4 d5 2. exd5 Qxd5 3. Nc3 Qa5 4. Nf3 Bg4 5. Be2 Nf6 6. d3 e6 7. Bd2 c6 8. Ne4 Qd8 9. Bg5 Nbd7 10. 0-0 h6 11. Bh4 Be7 12. Bg3 0-0 13. h3 Bh5 14. Ne5 Nxe4 15. Nxd7 Bxe2 16. Qxe2 Nxg3 17. fxg3 Qxd7 0-1

[Event "Subotica-ch op"]
[Site "Subotica"]
[Date "2016.02.22"]
[Round "1"]
[White "Smit, Jovan"]
[Black "Pacal, Mihaly"]
[Result "0-1"]
[WhiteElo "1787"]
[BlackElo "2081"]
[PlyCount "45"]
[EventDate "2016.02.22"]
[EventType "swiss"]
[EventRounds "9"]
[EventCountry "SRB"]
[SourceTitle "CBM 171 Extra"]
[Source "ChessBase"]
[SourceDate "2016.04.26"]
[SourceVersion "1"]
[SourceVersionDate "2016.04.26"]
[SourceQuality "1"]

1. e4 c5 2. Nf3 e6 3. Nc3 Nc6 4. d4 cxd4 5. Nxd4 Qc7 6. Ndb5 Qb8 7. a3 a6 8. Nd4 Qc7 9. Be3 Nf6 10. Bd3 Ne5 11. h3 Nc4 12. Bxc4 Qxc4 13. Qd3 Qc7 14. 0-0 d6 15. Rad1 Be7 16. f4 b5 17. f5 e5 18. Nf3 Bb7 19. g4 h6 20. Rf2 Rd8 21. b4 Rc8 22. Bd2 Qb6 23. Kg2 0-1

[Event "Subotica-ch"]
[Site "Subotica"]
[Date "2014.03.05"]
[Round "7"]
[White "Matkovic, Jovan"]
[Black "Smit, Jovan"]
[Result "1/2-1/2"]
[WhiteElo "2017"]
[BlackElo "1817"]
[PlyCount "81"]
[EventDate "2014.02.19"]
[EventType "swiss"]
[EventRounds "9"]
[EventCountry "SRB"]
[SourceTitle "CBM 159 Extra"]
[Source "ChessBase"]
[SourceDate "2014.04.24"]
[SourceVersion "1"]
[SourceVersionDate "2014.04.24"]
[SourceQuality "1"]

1. e4 e5 2. Nf3 Nc6 3. Bc4 Nf6 4. Ng5 d5 5. exd5 Na5 6. Bb5+ Bd7 7. Qe2 Qe7 8. b4 Qxb4 9. Qxe5+ Qe7 10. Bxd7+ Nxd7 11. Qxe7+ Bxe7 12. Ne4 Nb6 13. Nbc3 0-0 14. d3 f5 15. Ng3 Bf6 16. Bd2 Rad8 17. 0-0-0 Nxd5 18. Nxd5 Rxd5 19. c4 Rc5 20. Bb4 Re5 21. Bxf8 Kxf8 22. Rhe1 Rc5 23. Re2 Nc6 24. f4 Ra5 25. Kb1 g6 26. Nf1 Nd4 27. Rf2 b5 28. Nd2 Ra3 29. Nf3 Ne6 30. Ne5 b4 31. Nd7+ Kf7 32. Nxf6 Kxf6 33. d4 a5 34. g3 a4 35. Kb2 c5 36. d5 Nd4 37. Rxd4 cxd4 38. Rd2 d3 39. c5 Ke7 40. Rd1 Rc3 41. Rd2 1/2-1/2

[Event "Subotica-ch"]
[Site "Subotica"]
[Date "2014.02.28"]
[Round "5"]
[White "Smit, Jovan"]
[Black "Szabo, Nikita"]
[Result "1/2-1/2"]
[WhiteElo "1817"]
[BlackElo "1638"]
[PlyCount "33"]
[EventDate "2014.02.19"]
[EventType "swiss"]
[EventRounds "9"]
[EventCountry "SRB"]
[SourceTitle "CBM 159 Extra"]
[Source "ChessBase"]
[SourceDate "2014.04.24"]
[SourceVersion "1"]
[SourceVersionDate "2014.04.24"]
[SourceQuality "1"]

1. e4 c5 2. Nf3 Nc6 3. d4 cxd4 4. Nxd4 g6 5. Nc3 Bg7 6. Be3 Nf6 7. Qd2 0-0 8. f3 d5 9. Nxc6 bxc6 10. 0-0-0 Be6 11. Bh6 Qc7 12. Bxg7 Kxg7 13. h4 Rfd8 14. Bd3 d4 15. Na4 c5 16. h5 c4 17. hxg6 1/2-1/2